000 00604nam a22002177a 4500
005 20220718145026.0
008 220718b ||||| |||| 00| 0 eng d
040 _cAloy
041 _aeng
082 _223
_a305.5
_bBETS
100 _aAndre Bitteille
_950748
245 _aSocial inequality:
_bselected readings
260 _aAustralia:
_bPenguin Books,
_c1970
300 _a397p.
_bPB
_c18x11cm.
650 _aSocial Classes
_950743
650 _aColonialism
_950744
650 _aRace
_950745
650 _aSocial Startification
_950746
700 _aBETEILLE (Andre) Ed
_950747
942 _2ddc
_cGF
999 _c223918
_d223918